George S. Bright commissions, (Record no. 43912)

MARC details
000 -LEADER
fixed length control field 00782cpcaa2200241 4500
001 - CONTROL NUMBER
control field mm 83004384
003 - CONTROL NUMBER IDENTIFIER
control field DLC
005 - DATE AND TIME OF LATEST TRANSACTION
control field 20260227111719.0
008 - FIXED-LENGTH DATA ELEMENTS--GENERAL INFORMATION
fixed length control field 830512|||||||||||| eng
010 ## - LIBRARY OF CONGRESS CONTROL NUMBER
LC control number mm 83004384
040 ## - CATALOGING SOURCE
Original cataloging agency DLC
Transcribing agency DLC
Description conventions dacs
Modifying agency DLC
072 #7 - SUBJECT CATEGORY CODE
Subject category code W
Source lcmd
100 1# - MAIN ENTRY--PERSONAL NAME
Personal name Bright, George S.
245 00 - TITLE STATEMENT
Title George S. Bright commissions,
Inclusive dates 1857-1864.
300 ## - PHYSICAL DESCRIPTION
Extent 5
Type of unit items.
506 0# - RESTRICTIONS ON ACCESS NOTE
Terms governing access Open to research.
545 0# - BIOGRAPHICAL OR HISTORICAL DATA
Biographical or historical data Engineer and naval officer.
546 ## - LANGUAGE NOTE
Language note Collection material in English.
580 ## - LINKING ENTRY COMPLEXITY NOTE
Linking entry complexity note Forms part of: Miscellaneous Manuscripts collection.
656 #7 - INDEX TERM--OCCUPATION
Occupation Engineers.
Source of term itoamc
656 #7 - INDEX TERM--OCCUPATION
Occupation Naval officers.
Source of term itoamc

No items available.

Powered by Koha